| 000 | 00857nam0a22002291 4500 | ||
|---|---|---|---|
| 001 | v19\rc\2064255 | ||
| 005 | 20250620025335.0 | ||
| 035 | _a(NLR Aleph) 005140528 | ||
| 090 |
_a4798519 _c4798519 |
||
| 100 | _a20081111d1910 |||y0rusy50 ca | ||
| 101 | 0 | _arus | |
| 102 | _aRU | ||
| 105 | _ay z ||||| | ||
| 200 | 1 |
_aПравила внутреннего распорядка при лесопильном заводе и ремонтных мастерских А.Н. Николаева и К° в Звенигском затоне _e[Утв. 10 марта 1910 г.] |
|
| 210 |
_aКазань _d[1910] |
||
| 215 | _a1 л. | ||
| 710 | 0 | 2 |
_aНиколаев, А.Н. и К°, т-во _cЗвенигский затон, Казан. губ. |
| 801 | 0 |
_aRU _bNLR _gpsbo |
|
| 801 | 1 |
_aRU _bProSoft-M _2rusmarc |
|
| 852 |
_aNLR _j37.55.6.135 |
||
| 942 | _cBOOK | ||
| 980 | _aNB | ||